1859 1047 1007 1308 1522 1009 1849 1262 1411 1292 1176 1214 1606 1329 1605 1426 1905 1053 1836 1977 1034 1026 1274 1113 1915 1632 1179 1636 1026 1248 1607 1094 1147 1424 1510 1340 1387 1428 1655 1348 1946 1659 1826 1910 1260 1484 1833 1380 1727 1964 1204 1781 1671 1254 1749 1895 1581 1820 1849 1260 1889 1978 1323 1702 1160 1287 1970 1958 1276 1967 1813 1721 1415 1802 1271 1373 1806 1881 1708 1179 1247 1234 1535 1858 1402 1838 1685 1610 1099 1363 1473 1529 1086 1408 1992 1662 1054 1456 1087 BCNSPRNW ULIB Ver.6.0+V

เปลี่ยนเป็นภาษาไทย

Change to English
 แสดงรายละเอียดบรรณานุกรม
  กลับหน้าหลัก

Brief Record : Get Marc (ISO 2709) : E-mail record : QR code < ปิดหน้าต่าง
LEADER : 00000nam 2200000uu 4500
001    13399128455
003     ULIB
008    230829s2022||||th 000 0 tha d
020    ^a9786164437012
060 04 ^aWB105^bก451
245 00 ^aการดูแลรักษาผู้บาดเจ็บก่อนถึงโรงพยาบาล =^bPrehospital trauma care/^cบรรณาธิการ, ไชยพร ยุกเซ็น
246 31 ^aPrehospital trauma care
250    ^aพิมพ์ครั้งที่ 2
260    ^aกรุงเทพฯ :^bโครงการตำรารามาธิบดีคณะแพทยศาสตร์โรงพยาบาลรามาธิบดี มหาวิทยาลัยมหิดล.^c2565, [2022]
300    ^axxii, 482 หน้า. :^bภาพประกอบสี ;^c27 ซม.
505 0  ^aตอนที่ 1 ระบบการแพทย์ฉุกเฉิน -- บทที่ 1 บริการการแพทย์ฉุกเฉิน -- บทที่2 กฎหมายเกี่ยวกับระบบการแพทย์ฉุกเฉิน -- บทที่ 3 ระบบคัดแยก -- ตอนที่2 การดูแลรักษาผู้บาดเจ็บ -- บทที่ 4 การดูแลรักษาผู้บาดเจ็บ ณ จุดเกิดเหตุ-- บทที่ 5 การประเมินภาวะเสียเลือดปริมาณมาก -- บทที่ 6การป้องกันกระดูกต้นคอ -- บทที่ 7 การประเมินทางเดินหายใจส่วนบน --บทที่ 8 การประเมินการหายใจ -- บทที่ 9 การประเมินระบบไหลเวียนโลหิต-- บทที่ 10 การประเมินระบบประสาท -- บทที่ 11การประเมินบาดแผลภายนอกและ Adjunct to Primary Survey -- บทที่12 การประเมิน Secondary Survey -- บทที่ 13การดูแลรักษาผู้บาดเจ็บที่มีลักษณะเฉพาะ -- บทที่ 14การยกและเคลื่อนย้ายผู้บาดเจ็บ -- ตอนที่ 3การดูแลรักษาผู้บาดเจ็บในสถานการณ์พิเศษ -- บทที่ 15การจัดการภัยพิบัติและอุบัติภัยหมู่ -- บทที่ 16การดูแลผู้ป่วยฉุกเฉินนอกโรงพยาบาลในสถานการณ์การแพร่ระบาดของเชื้อไวรัสโคโรนา 2019
650  4 ^aเวชาสตร์ฉุกเฉิน
650  4 ^aการบาดเจ็บ^xการรักษา
650  4 ^aการพยาบาลฉุกเฉิน
690    ^aMahidol IR
700 0  ^aไชยพร ยุกเซ็น,^eบรรณาธิการ
710 2  ^aมหาวิทยาลัยมหิดล.^bคณะแพทยศาสตร์โรงพยาบาลรามาธิบดี.^bโครงการตำรารามาธิบดี
945    ^p650^l0^i29667
945    ^p650^l0^i29668
999    ^aกัณชพร จุลอักษร
รายการนี้ยังไม่มีแท็ก
คุณยังไม่ได้ล็อกอิน คุณสามารถมีกิจกรรมร่วมกับเว็บไซต์ได้ แต่ต้องล็อกอินก่อน ::
  ล็อกอิน

รายการสื่อสารสนเทศ

ลำดับที่ ประเภท เลขเรียก/บาร์โค้ด สถานที่ สถานะ
1. หนังสือสำรอง
หนังสือสำรอง
WB105 ก451 ฉ.1 
  Barcode: 29667
ห้องสมุดวิทยาเขตนครสวรรค์
►หนังสือทั่วไป:l:General Books
บนชั้น
2. วิทยาศาสตร์การแพทย์ และสุขภาพ
วิทยาศาสตร์การแพทย์ และสุขภาพ
WB105 ก451 ฉ.2 
  Barcode: 29668
ห้องสมุดวิทยาเขตนครสวรรค์
►หนังสือทั่วไป:l:General Books
บนชั้น

รายการใกล้เคียง
    หัวเรื่อง [เวชาสตร์ฉุกเฉิน]
    หัวเรื่อง [การพยาบาลฉุกเฉิน]

BibComment


ยังไม่เคยถูกคอมเมนท์

คอมเมนท์ทรัพยากรรายการนี้
  คอมเมนท์: การดูแลรักษาผู้บ..


 Copyright 2026. Bcnsprnw @Library